Country Flag Color Chains - Statistics

General Stats
  • This quiz has been taken 1,553 times
  • The average score is 28 of 33
Answer Stats
Flags Country % Correct
Japan
99%
Cyprus
98%
South Korea
98%
Algeria
95%
China
92%
Albania
91%
Canada
91%
Pakistan
91%
Philippines
91%
Saudi Arabia
91%
Switzerland
91%
Turkey
91%
Vietnam
91%
Egypt
90%
Vatican City
90%
Bahrain
88%
Iraq
87%
Tunisia
87%
Liechtenstein
86%
Trinidad
84%
Haiti
83%
Maldives
81%
Antigua and Barbuda
80%
Samoa
80%
United Arab Emirates
80%
Yemen
80%
Madagascar
79%
Burkina Faso
78%
Syria
77%
Cameroon
76%
Sudan
73%
Guinea
69%
Solomon Islands
69%
No matching quizzes found
Score Distribution
Percent of People with Each Score
Percentile by Number Answered
Your Score History
You have not taken this quiz